Saiyan - Heuss L'enfoiré ft. Gazo - Paroles - Statistiques

Statistiques générales
  • Ce quiz a été pris 480 fois
  • Le résultat moyen est 192 sur 263
Statistiques - réponses
Réponse % Correct
a
93%
à
93%
je
92%
de
91%
la
90%
comme
88%
Du
88%
du
88%
en
88%
un
88%
et
87%
elle
84%
Elle
84%
mais
84%
Mais
84%
Saiyan
83%
l'or
82%
qui
82%
Au
81%
encore
81%
volant
81%
alien
80%
blonde
80%
Cayenne
80%
corps
80%
moula
80%
sort
80%
Gun
79%
ice
79%
mort
79%
près
79%
veux
79%
j'en
78%
L'argent
78%
d'la
76%
peau
76%
tu
76%
pas
75%
Tout
74%
tout
74%
j'suis
73%
J'crois
72%
les
72%
mon
72%
se
72%
sur
72%
Sur
72%
cheveux
71%
bien
70%
moi
70%
chéri
69%
bronzée
68%
m'appelle
68%
On
68%
on
68%
va
68%
boit
67%
coeur
67%
enfoiré
67%
Jeune
67%
séparer
67%
Une
67%
sans
66%
ton
66%
des
65%
argile
64%
dorés
64%
eu
64%
fini
64%
fragile
64%
magie
64%
pour
64%
qu'c'est
64%
qu'un
64%
t'as
64%
t'en
64%
faire
63%
l'année
63%
qu'tu
63%
veut
63%
bisous
62%
j'ai
62%
J'ai
62%
l'imagine
62%
trop
62%
finir
61%
j'te
61%
misé
61%
peu
61%
si
61%
agile
60%
Temps
60%
temps
60%
J't'ai
59%
fais
58%
j'peux
58%
nous
58%
amoureuse
57%
j'veux
57%
mentais
56%
tombes
56%
chebou
55%
comment
54%
deux
54%
disais
54%
mal
54%
eux
53%
Faut
53%
même
53%
mouillé
53%
jamais
52%
rester
52%
moment
51%
souffres
51%
l'pieu
50%
t'habilles
50%
oim
49%
fasses
48%
J'saurai
44%
sauter
44%
Quand
43%
Daïquiri
42%
l'vouloir
42%
m'demandes
42%
babe
40%
assez
39%
m'manquais
38%
d'chanter
37%
d'flow
28%
Aucun quiz correspondant
Distribution des résultats
% des personnes avec chaque résultat
Percentile par nombre de réponses
Votre historique - résultats
Vous n’avez pas pris ce quiz